000 00744nam a22002177a 4500
005 20140324153904.0
010 _aENG-106625
020 _a9788171327027
_c900.00
035 _aEN-90158
035 _aB-500324-326
037 _bDBAD/PUB
037 _bMallika Books/Ven
_adpl
082 _a344.540327
100 _aSelvakumar, M. D. Allen
245 _aChild Rights In The New Era /
_cby M. D. Allen Selvakumar
260 _aJaipur
_bPointer Publishers
_c2012
270 _a807, Vyas Building, Chaura Rasta
_bJaipur
_e302003
300 _axvii, 246p.
_c20cm (Hb)
942 _2ddc
_cEN
_mSEL
_h323.3520954
999 _c73142
_d73142